Statistiques concernant Quiz sur la Norvège

Cliquez ici pour prendre le quiz!

Statistiques générales

  • Ce quiz a été pris 4 176 fois
  • Le résultat moyen est 11 sur 20

Statistiques - réponses

QuestionRéponse% Correct
Capitale et ville la plus peupléeOslo
99%
Pays frontaliersSuède
99%
Pays frontaliersFinlande
97%
Pays frontaliersRussie
93%
Mer située au sud-ouest du paysMer du Nord
88%
Terme désignant une vallée glaciaireFjord
78%
Devise monétaire actuelleCouronne
73%
Principal produit d'exportationPétrole
68%
Peintre qui a signé Le CriEdvard Munch
52%
Deuxième plus grande villeBergen
50%
Sport de prédilection des frères
Tarjei et Johannes Thingnes Bø
Biathlon
44%
Explorateur norvégien qui a fondé
la première colonie au Groenland
{Erik} le Rouge
41%
Archipel à 660 km au nord
de la Norvège continentale
Svalbard
38%
Joueur historique de Manchester
United, qu'il a ensuite entraîné
Ole Gunnar
{Solskjær}
35%
Ville-hôte des J.O. d'Hiver de 1994Lillehammer
29%
Joueur d'échecs norvégien, cinq
fois champion du monde en titre
Magnus Carlsen
25%
Mot en quatre lettres désignant une
épopée traditionnelle des vikings
Saga
25%
Explorateur qui fut le premier
à atteindre le Pole Sud
Roald {Amundsen}
23%
Ville de 10 000+ habitants
la plus au nord du monde
Hammerfest
11%
Plat traditionnel à base de poisson
maturé dans de l'eau et de la soude
{Lute}fisk
9%

Distribution des résultats

Percentile par nombre de réponses

% des personnes avec chaque résultat

Votre développement - résultats

Vous n’avez pas pris ce quiz